[Event "SLO-chT 09th"]
[Site "Bled"]
[Date "1999.11.13"]
[Round "6"]
[White "Brglez, Rado"]
[Black "Srebrnic, Vojko"]
[Result "1-0"]
[WhiteElo "2328"]
[BlackElo "2262"]
[PlyCount "63"]
[EventDate "1999.11.08"]
[EventType "team-tourn"]
[EventRounds "7"]
[EventCountry "SLO"]
[SourceTitle "EXT 2000"]
[Source "ChessBase"]
[SourceDate "1999.11.16"]
[SourceVersion "1"]
[SourceVersionDate "1999.11.16"]
[SourceQuality "1"]
[WhiteTeam "Ptuj"]
[BlackTeam "Nova Gorica"]
[WhiteTeamCountry "SLO"]
[BlackTeamCountry "SLO"]

1. d4 d6 2. g3 g6 3. Bg2 Bg7 4. Nf3 Nf6 5. c4 0-0 6. 0-0 Nc6 7. Nc3 e5 8. d5 Ne7 9. b4 a5 10. bxa5 Rxa5 11. Nd2 b6 12. Nb3 Ra7 13. a4 Nd7 14. Bd2 f5 15. a5 bxa5 16. Rxa5 Rxa5 17. Nxa5 Ba6 18. e4 Nf6 19. Qa4 Bc8 20. Nc6 Nxc6 21. dxc6 Be6 22. exf5 gxf5 23. Nd5 Bxd5 24. cxd5 Qe8 25. Qa7 Qf7 26. Ba5 Nxd5 27. Bxd5 Qxd5 28. Qxc7 f4 29. Bb4 Qe6 30. Qxd6 Qxd6 31. Bxd6 Rc8 32. c7 1-0

[Event "SLO-chT 09th"]
[Site "Bled"]
[Date "1999.11.09"]
[Round "2"]
[White "Brglez, Rado"]
[Black "Podvrsnik, Marko"]
[Result "1-0"]
[WhiteElo "2328"]
[BlackElo "2196"]
[PlyCount "45"]
[EventDate "1999.11.08"]
[EventType "team-tourn"]
[EventRounds "7"]
[EventCountry "SLO"]
[SourceTitle "EXT 2000"]
[Source "ChessBase"]
[SourceDate "1999.11.16"]
[SourceVersion "1"]
[SourceVersionDate "1999.11.16"]
[SourceQuality "1"]
[WhiteTeam "Ptuj"]
[BlackTeam "Maribor Lumar Kovinar"]
[WhiteTeamCountry "SLO"]
[BlackTeamCountry "SLO"]

1. d4 d6 2. c4 Nf6 3. Nc3 g6 4. e4 Bg7 5. Nf3 0-0 6. Be2 c5 7. 0-0 Na6 8. d5 e6 9. h3 Re8 10. Bd3 Nc7 11. a4 b6 12. Bg5 Bd7 13. Qd2 a6 14. e5 dxe5 15. d6 Ncd5 16. cxd5 exd5 17. Nxd5 h6 18. Bxf6 Bxf6 19. Nc7 e4 20. Nxe8 exf3 21. Nxf6+ Qxf6 22. Be4 fxg2 23. Bxg2 1-0

[Event "SLO-chT 08th"]
[Site "Bled"]
[Date "1998.11.11"]
[Round "5"]
[White "Barle, Janez"]
[Black "Brglez, Rado"]
[Result "1-0"]
[WhiteElo "2395"]
[BlackElo "2260"]
[PlyCount "125"]
[EventDate "1998.11.07"]
[EventType "team-tourn"]
[EventRounds "7"]
[EventCountry "SLO"]
[SourceTitle "EXT 2000"]
[Source "ChessBase"]
[SourceDate "1999.11.16"]
[SourceVersion "1"]
[SourceVersionDate "1999.11.16"]
[SourceQuality "1"]
[WhiteTeam "Maribor SK Piramida"]
[BlackTeam "Ptuj"]
[WhiteTeamCountry "SLO"]
[BlackTeamCountry "SLO"]

1. Nf3 Nf6 2. d4 e6 3. e3 b6 4. Bd3 Bb7 5. 0-0 Be7 6. Nbd2 c5 7. c4 d6 8. b3 0-0 9. Bb2 Nbd7 10. Qe2 Qc7 11. Rfd1 Rfe8 12. Rac1 Bf8 13. h3 Rad8 14. Bb1 a6 15. Ng5 Qb8 16. dxc5 bxc5 17. Qd3 h6 18. Nge4 e5 19. Qe2 Qa8 20. f3 a5 21. Nc3 Be7 22. Qf2 Nb6 23. Qg3 Bc6 24. a4 Nbd7 25. Nb5 Qb8 26. Bc3 Qb6 27. Kh1 Nh5 28. Qe1 Nhf6 29. Nf1 Ra8 30. Ng3 d5 31. Nf5 Bf8 32. Qg3 g6 33. Nfd6 Nh5 34. Qg4 Ndf6 35. Qh4 Re6 36. cxd5 Bxd5 37. Ne4 Bxb3 38. Nxf6+ Nxf6 39. Rf1 Bg7 40. f4 Nd7 41. f5 Rf6 42. fxg6 fxg6 43. Rxf6 Qxf6 44. Qe4 Rc8 45. Bxa5 Qc6 46. Qg4 Qe6 47. Qxe6+ Bxe6 48. Bxg6 Ra8 49. Nc7 Rxa5 50. Nxe6 Nf8 51. Nxg7 Nxg6 52. Nf5 h5 53. Rc4 Kf7 54. Nd6+ Ke6 55. Nb7 Ra7 56. Nxc5+ Kd5 57. Rc1 e4 58. Nb3 Rxa4 59. Rc5+ Kd6 60. Rxh5 Ne5 61. Nd2 Ra1+ 62. Kh2 Kd5 63. Kg3 1-0

[Event "Radenci op"]
[Site "Radenci"]
[Date "1998.??.??"]
[Round "?"]
[White "Brglez, Rado"]
[Black "Groselj, Petra"]
[Result "1-0"]
[WhiteElo "2260"]
[BlackElo "2100"]
[PlyCount "73"]
[EventDate "1998.??.??"]
[EventType "swiss"]
[EventRounds "9"]
[EventCountry "SLO"]
[SourceTitle "EXT 1999"]
[Source "ChessBase"]
[SourceDate "1998.11.16"]
[SourceVersion "1"]
[SourceVersionDate "1998.11.16"]
[SourceQuality "1"]

1. d4 Nf6 2. c4 g6 3. Nc3 Bg7 4. e4 d6 5. Nf3 0-0 6. Be2 e5 7. 0-0 Nc6 8. d5 Ne7 9. b4 Nh5 10. Re1 h6 11. Nd2 Nf4 12. Bf1 f5 13. c5 fxe4 14. Ndxe4 Nf5 15. g3 Nh5 16. Bg2 Nf6 17. Nxf6+ Qxf6 18. Ne4 Qe7 19. Bb2 a5 20. a3 axb4 21. axb4 Bd7 22. Qd3 Qf7 23. b5 Rxa1 24. Rxa1 dxc5 25. Ra7 Nd6 26. Qd2 Bxb5 27. Nxc5 Nc4 28. Qc2 Nxb2 29. Ne6 Nd3 30. Nxf8 Qxf8 31. Rxb7 Ne1 32. Qxc7 Nd3 33. Rb8 Be8 34. Qc2 e4 35. Bxe4 Ne1 36. Qd2 Be5 37. Ra8 1-0

[Event "Ptuj"]
[Site "Ptuj"]
[Date "1998.??.??"]
[Round "?"]
[White "Mikhalchishin, Adrian"]
[Black "Brglez, Rado"]
[Result "1/2-1/2"]
[WhiteElo "2530"]
[BlackElo "2260"]
[PlyCount "59"]
[EventDate "1998.??.??"]
[EventType "tourn"]
[EventRounds "9"]
[EventCountry "SLO"]
[EventCategory "7"]
[SourceTitle "EXT 2000"]
[Source "ChessBase"]
[SourceDate "1999.11.16"]
[SourceVersion "1"]
[SourceVersionDate "1999.11.16"]
[SourceQuality "1"]

1. d4 Nf6 2. c4 e6 3. Nf3 b6 4. Nc3 Bb7 5. a3 d5 6. cxd5 Nxd5 7. Bd2 Be7 8. Qc2 Nd7 9. e4 Nxc3 10. Bxc3 0-0 11. Rd1 Qc8 12. Bd3 Rd8 13. 0-0 Nf8 14. Qe2 Bf6 15. Rc1 Qd7 16. Rfd1 c6 17. h4 Rac8 18. h5 h6 19. b4 Qe8 20. g3 Nd7 21. e5 Be7 22. Be4 Rc7 23. Nd2 Rdc8 24. Nc4 Nf8 25. Ne3 c5 26. Bxb7 Rxb7 27. Qa6 Rd7 28. bxc5 bxc5 29. Bb4 Rdc7 30. dxc5 1/2-1/2

[Event "Ptuj"]
[Site "Ptuj"]
[Date "1998.??.??"]
[Round "?"]
[White "Tratar, Marko"]
[Black "Brglez, Rado"]
[Result "0-1"]
[WhiteElo "2450"]
[BlackElo "2260"]
[PlyCount "66"]
[EventDate "1998.??.??"]
[EventType "tourn"]
[EventRounds "9"]
[EventCountry "SLO"]
[EventCategory "7"]
[SourceTitle "EXT 2000"]
[Source "ChessBase"]
[SourceDate "1999.11.16"]
[SourceVersion "1"]
[SourceVersionDate "1999.11.16"]
[SourceQuality "1"]

1. Nf3 Nf6 2. c4 e6 3. g3 d5 4. d4 Bb4+ 5. Bd2 Be7 6. Bg2 c6 7. Qc2 0-0 8. 0-0 b6 9. Bf4 Bb7 10. Ne5 Nfd7 11. Nd3 Na6 12. a3 Rc8 13. Nd2 Bf6 14. cxd5 exd5 15. Nf3 c5 16. Qa4 cxd4 17. b4 Rc4 18. Nd2 Rc3 19. Bh3 Ndb8 20. b5 Nc5 21. Qxa7 Nbd7 22. Bxd7 Qxd7 23. Qxb6 Rc8 24. a4 Ne4 25. Nxe4 dxe4 26. Ne5 Qd5 27. Rad1 d3 28. exd3 exd3 29. f3 Bxe5 30. Bxe5 Qxe5 31. Qxb7 Qe3+ 32. Kh1 Rc2 33. Qe4 Qe2 0-1

[Event "SLO-chT 07th"]
[Site "Ljubljana"]
[Date "1997.??.??"]
[Round "?"]
[White "Brglez, Rado"]
[Black "Grosar, Kiti"]
[Result "1/2-1/2"]
[WhiteElo "2275"]
[BlackElo "2190"]
[PlyCount "23"]
[EventDate "1997.07.??"]
[EventType "team-tourn"]
[EventRounds "7"]
[EventCountry "SLO"]
[SourceTitle "CBM 061 Extra"]
[Source "ChessBase"]
[SourceDate "1998.03.09"]
[SourceVersion "1"]
[SourceVersionDate "1998.03.09"]
[SourceQuality "1"]
[WhiteTeam "Ptuj"]
[BlackTeam "Nova Gorica"]
[WhiteTeamCountry "SLO"]
[BlackTeamCountry "SLO"]

1. d4 Nf6 2. Nf3 g6 3. Bf4 Bg7 4. e3 d6 5. Bd3 0-0 6. Nbd2 Nbd7 7. 0-0 Re8 8. e4 e5 9. dxe5 dxe5 10. Be3 h6 11. h3 Qe7 12. Nb3 1/2-1/2

[Event "SLO-ch"]
[Site "Krsko"]
[Date "1997.??.??"]
[Round "?"]
[White "Brglez, Rado"]
[Black "Srebrnic, Vojko"]
[Result "0-1"]
[WhiteElo "2275"]
[BlackElo "2225"]
[PlyCount "114"]
[EventDate "1997.10.??"]
[EventType "swiss"]
[EventRounds "9"]
[EventCountry "SLO"]
[SourceTitle "CBM 061 Extra"]
[Source "ChessBase"]
[SourceDate "1998.03.09"]
[SourceVersion "1"]
[SourceVersionDate "1998.03.09"]
[SourceQuality "1"]

1. d4 g6 2. Nf3 Bg7 3. g3 d6 4. Bg2 Nf6 5. c4 0-0 6. Nc3 Nc6 7. 0-0 e5 8. d5 Ne7 9. b3 h6 10. Bb2 Nd7 11. Rc1 f5 12. b4 g5 13. c5 Nf6 14. cxd6 cxd6 15. Qb3 Bd7 16. Nxe5 dxe5 17. d6+ Kh7 18. dxe7 Qxe7 19. Bxb7 Be6 20. Bd5 Nxd5 21. Nxd5 Qf7 22. Rc5 Rad8 23. Rd1 Rd7 24. f3 Kh8 25. Qe3 Rxd5 26. Rdxd5 Bxd5 27. Bxe5 f4 28. Qd4 Bxa2 29. Ra5 Bb1 30. Rxa7 Bxe5 31. Qxe5+ Qf6 32. Qxf6+ Rxf6 33. h4 gxh4 34. gxf4 Rxf4 35. b5 Rb4 36. Rb7 Rb2 37. b6 Bh7 38. Kf2 h3 39. Kg3 h2 40. Kxh2 Rxe2+ 41. Kg3 Rb2 42. Kg4 Bg6 43. Kf4 Rb5 44. Ke3 Rb4 45. f4 Kg8 46. Rb8+ Kg7 47. Kf3 Bf5 48. Ke3 h5 49. Rb7+ Kf6 50. Rb8 h4 51. Rf8+ Kg6 52. Rg8+ Kf7 53. Rg5 Kf6 54. Rh5 h3 55. Kf3 Rb3+ 56. Kf2 Bg4 57. Rh8 Kf5 0-1

[Event "SLO-chT 07th"]
[Site "Ljubljana"]
[Date "1997.??.??"]
[Round "?"]
[White "Brglez, Rado"]
[Black "Tratar, Marko"]
[Result "1-0"]
[WhiteElo "2275"]
[BlackElo "2395"]
[PlyCount "91"]
[EventDate "1997.07.??"]
[EventType "team-tourn"]
[EventRounds "7"]
[EventCountry "SLO"]
[SourceTitle "CBM 061 Extra"]
[Source "ChessBase"]
[SourceDate "1998.03.09"]
[SourceVersion "1"]
[SourceVersionDate "1998.03.09"]
[SourceQuality "1"]
[WhiteTeam "Ptuj"]
[BlackTeam "Maribor SK Piramida"]
[WhiteTeamCountry "SLO"]
[BlackTeamCountry "SLO"]

1. d4 Nf6 2. c4 g6 3. Nc3 Bg7 4. e4 d6 5. Nf3 0-0 6. Be2 e5 7. 0-0 Na6 8. Re1 c6 9. Bf1 Bg4 10. d5 c5 11. Bg5 h6 12. Be3 Bd7 13. g3 Ng4 14. Bd2 f5 15. h3 Nf6 16. Nh4 Qe8 17. exf5 gxf5 18. f4 Nh5 19. Kh2 Bf6 20. Be2 Nxf4 21. Nxf5 Bxf5 22. gxf4 Nb4 23. Bg4 Bg7 24. Ne4 Bxe4 25. Bxb4 Qg6 26. Rg1 Qf6 27. Bd2 Kh7 28. Qe2 Bf5 29. Raf1 Bh8 30. Bc3 Bxg4 31. Qxg4 Qf5 32. Qxf5+ Rxf5 33. fxe5 Rxf1 34. Rxf1 dxe5 35. Rf7+ Kg6 36. Rxb7 Kf5 37. Rc7 Ke4 38. Rxc5 Kd3 39. d6 e4 40. Bxh8 Rxh8 41. b3 e3 42. Rd5+ Ke4 43. d7 Rd8 44. Kg2 Rg8+ 45. Kf1 Kf3 46. Rd3 1-0

[Event "SLO-ch"]
[Site "Krsko"]
[Date "1997.??.??"]
[Round "?"]
[White "Jazbinsek, Sebastjan"]
[Black "Brglez, Rado"]
[Result "1/2-1/2"]
[WhiteElo "2210"]
[BlackElo "2275"]
[PlyCount "30"]
[EventDate "1997.10.??"]
[EventType "swiss"]
[EventRounds "9"]
[EventCountry "SLO"]
[SourceTitle "CBM 061 Extra"]
[Source "ChessBase"]
[SourceDate "1998.03.09"]
[SourceVersion "1"]
[SourceVersionDate "1998.03.09"]
[SourceQuality "1"]

1. e4 e5 2. Nf3 Nc6 3. Bc4 Bc5 4. c3 Nf6 5. d3 d6 6. 0-0 Bb6 7. Re1 0-0 8. Bg5 h6 9. Bh4 a6 10. Nbd2 Bg4 11. Nf1 g5 12. Bg3 Bh5 13. a4 Bg6 14. Ne3 Ne7 15. h4 g4 1/2-1/2

[Event "SLO-chT 07th"]
[Site "Ljubljana"]
[Date "1997.??.??"]
[Round "?"]
[White "Kovacic, Peter"]
[Black "Brglez, Rado"]
[Result "1-0"]
[WhiteElo "2145"]
[BlackElo "2275"]
[PlyCount "101"]
[EventDate "1997.07.??"]
[EventType "team-tourn"]
[EventRounds "7"]
[EventCountry "SLO"]
[SourceTitle "CBM 061 Extra"]
[Source "ChessBase"]
[SourceDate "1998.03.09"]
[SourceVersion "1"]
[SourceVersionDate "1998.03.09"]
[SourceQuality "1"]
[WhiteTeam "Kranj Tomo Zupan"]
[BlackTeam "Ptuj"]
[WhiteTeamCountry "SLO"]
[BlackTeamCountry "SLO"]

1. Nf3 Nf6 2. b3 d5 3. Bb2 Bg4 4. Ne5 Bh5 5. d4 Nbd7 6. h3 Nxe5 7. dxe5 Ne4 8. Nc3 e6 9. Qd3 Nxc3 10. Bxc3 c6 11. e3 a5 12. Qd4 Ba3 13. Bd3 Qe7 14. 0-0 0-0 15. Qf4 b5 16. e4 b4 17. Bd2 Bb2 18. Rab1 Bc3 19. Bxc3 bxc3 20. Qg3 Qb4 21. Rfe1 Bg6 22. Qg4 Rfd8 23. Qf3 Rac8 24. Re3 Qd4 25. exd5 cxd5 26. Bxg6 hxg6 27. Rd1 Qb4 28. a4 Rd7 29. Rdd3 d4 30. Re4 Rcd8 31. Qg4 Rd5 32. Kh2 Qc5 33. f4 Rb8 34. Qd1 Rb4 35. h4 Rd8 36. h5 f5 37. Re1 g5 38. fxg5 Rd5 39. Qe2 Rb8 40. g6 Qe7 41. Qf2 Qg5 42. Rh3 Rbd8 43. Qh4 Qxh4 44. Rxh4 Kf8 45. Rh3 d3 46. cxd3 Rxd3 47. Rc1 Rxh3+ 48. Kxh3 Rd5 49. Rxc3 Rxe5 50. Rc8+ Ke7 51. h6 1-0

[Event "SLO-chT qual"]
[Site "Slovenia"]
[Date "1997.??.??"]
[Round "?"]
[White "Krumpak, Hinko"]
[Black "Brglez, Rado"]
[Result "0-1"]
[WhiteElo "2110"]
[BlackElo "2275"]
[PlyCount "129"]
[EventDate "1997.??.??"]
[EventType "team-swiss"]
[EventRounds "7"]
[EventCountry "SLO"]
[SourceTitle "EXT 2002"]
[Source "ChessBase"]
[SourceDate "2001.11.25"]
[SourceVersion "1"]
[SourceVersionDate "2001.11.25"]
[SourceQuality "1"]

1. e4 e5 2. Nf3 Nc6 3. Bb5 Nf6 4. 0-0 Nxe4 5. Re1 Nd6 6. Bxc6 dxc6 7. Nxe5 Be7 8. d4 0-0 9. Nc3 Bf5 10. Ne2 Re8 11. b3 Bf8 12. Ng3 Be6 13. Bb2 a5 14. Nd3 Qh4 15. Nc5 Bc8 16. Qd3 b6 17. Rxe8 Nxe8 18. Qe4 Qxe4 19. Ncxe4 f6 20. a4 Nd6 21. f3 Bd7 22. Kf2 Kf7 23. Re1 Rd8 24. Kf1 Be6 25. Kf2 h6 26. Kf1 Nb7 27. c4 Bb4 28. Rc1 Rd7 29. Ne2 Nd6 30. Nxd6+ Bxd6 31. Kf2 h5 32. g3 h4 33. Nc3 Rd8 34. Rd1 Rh8 35. Kg2 hxg3 36. hxg3 Bh3+ 37. Kf2 Bf5 38. Kg2 Bc2 39. Rd2 Bxb3 40. c5 Be7 41. Ba3 Rb8 42. Rb2 Bc4 43. Rb1 b5 44. Bc1 b4 45. Nd1 Rd8 46. Be3 g5 47. Nb2 Ba6 48. Rh1 Kg7 49. g4 f5 50. gxf5 Rd5 51. Kg3 Rxf5 52. f4 Rd5 53. fxg5 Bxg5 54. Kf3 Bf6 55. Ke4 Rd8 56. Rh5 Be2 57. Rf5 Kg6 58. Rxf6+ Kxf6 59. Bf4 Rd7 60. Be5+ Ke6 61. Ke3 Ba6 62. Ke4 Rh7 63. Nd1 Bc4 64. Ne3 Bb3 65. Kd3 0-1

[Event "SLO-ch"]
[Site "Krsko"]
[Date "1997.??.??"]
[Round "?"]
[White "Zupe, Miran"]
[Black "Brglez, Rado"]
[Result "1-0"]
[WhiteElo "2410"]
[BlackElo "2275"]
[PlyCount "45"]
[EventDate "1997.10.??"]
[EventType "swiss"]
[EventRounds "9"]
[EventCountry "SLO"]
[SourceTitle "CBM 061 Extra"]
[Source "ChessBase"]
[SourceDate "1998.03.09"]
[SourceVersion "1"]
[SourceVersionDate "1998.03.09"]
[SourceQuality "1"]

1. c4 Nf6 2. Nc3 e6 3. Nf3 b6 4. g3 Bb7 5. Bg2 Be7 6. 0-0 0-0 7. Re1 d5 8. cxd5 Nxd5 9. e4 Nxc3 10. bxc3 c5 11. d4 cxd4 12. cxd4 Nd7 13. Bb2 Nf6 14. Ne5 Rc8 15. Qb3 Rc7 16. Rad1 Nd7 17. d5 Nc5 18. Qe3 exd5 19. exd5 Bf6 20. d6 Rc8 21. d7 Rc7 22. Bxb7 Nxb7 23. Qf3 1-0

[Event "Werfen op-A"]
[Site "Werfen"]
[Date "1996.??.??"]
[Round "7"]
[White "Brglez, Rado"]
[Black "Euler, Gerd"]
[Result "0-1"]
[WhiteElo "2280"]
[BlackElo "2365"]
[PlyCount "72"]
[EventDate "1996.08.??"]
[EventType "swiss"]
[EventRounds "9"]
[EventCountry "AUT"]
[SourceTitle "EXT 2000"]
[Source "ChessBase"]
[SourceDate "1999.11.16"]
[SourceVersion "1"]
[SourceVersionDate "1999.11.16"]
[SourceQuality "1"]

1. d4 d5 2. c4 e6 3. Nc3 c5 4. cxd5 cxd4 5. Qa4+ Bd7 6. Qxd4 exd5 7. Qxd5 Nc6 8. Nf3 Nf6 9. Qd1 Bc5 10. e3 Qe7 11. a3 0-0-0 12. Qc2 Kb8 13. Bd2 Rhe8 14. Rc1 Nd4 15. Nxd4 Bxd4 16. Be2 Be5 17. Bf3 Qd6 18. Rd1 g5 19. Qb3 Qa6 20. Be2 Qc6 21. Bf3 Qc7 22. Nd5 Nxd5 23. Bxd5 Bg4 24. f3 Be6 25. Bxe6 Rxe6 26. Rc1 Qd7 27. Rc2 Rd6 28. Qb4 f5 29. Ke2 f4 30. e4 g4 31. Bc3 gxf3+ 32. gxf3 Qg7 33. Rf1 Bd4 34. Bxd4 Rxd4 35. Qc3 Qg2+ 36. Rf2 Rxe4+ 0-1

[Event "SLO-chT 06th"]
[Site "Bled"]
[Date "1996.??.??"]
[Round "5"]
[White "Jelen, Igor"]
[Black "Brglez, Rado"]
[Result "1/2-1/2"]
[WhiteElo "2415"]
[BlackElo "2280"]
[PlyCount "55"]
[EventDate "1996.??.??"]
[EventType "team-tourn"]
[EventRounds "7"]
[EventCountry "SLO"]
[SourceTitle "CBM 055 Extra"]
[Source "ChessBase"]
[SourceDate "1997.01.01"]
[SourceVersion "1"]
[SourceVersionDate "1997.01.01"]
[SourceQuality "1"]
[WhiteTeam "Ljubljana LSK"]
[BlackTeam "Ptuj"]
[WhiteTeamCountry "SLO"]
[BlackTeamCountry "SLO"]

1. d4 Nf6 2. c4 e6 3. Nc3 Bb4 4. Qc2 c5 5. dxc5 Qc7 6. a3 Bxc5 7. e3 a6 8. Bd3 Be7 9. Nf3 d6 10. 0-0 Nbd7 11. Rd1 b6 12. b4 Bb7 13. e4 0-0 14. Bf4 Rac8 15. Rac1 Qb8 16. Qe2 h6 17. h3 Rfd8 18. Bb1 Nf8 19. Na4 Bc6 20. Nc3 Ng6 21. Bh2 Nd7 22. Ba2 Bb7 23. Rc2 Nge5 24. Nxe5 Nxe5 25. Bxe5 dxe5 26. Rcd2 Qc7 27. Bb3 a5 28. Nb5 1/2-1/2

[Event "SLO-chT 06th"]
[Site "Bled"]
[Date "1996.??.??"]
[Round "3"]
[White "Semrl, Marjan"]
[Black "Brglez, Rado"]
[Result "1/2-1/2"]
[WhiteElo "2135"]
[BlackElo "2280"]
[PlyCount "27"]
[EventDate "1996.??.??"]
[EventType "team-tourn"]
[EventRounds "7"]
[EventCountry "SLO"]
[SourceTitle "CBM 055 Extra"]
[Source "ChessBase"]
[SourceDate "1997.01.01"]
[SourceVersion "1"]
[SourceVersionDate "1997.01.01"]
[SourceQuality "1"]
[WhiteTeam "Iskra Tolmin"]
[BlackTeam "Ptuj"]
[WhiteTeamCountry "SLO"]
[BlackTeamCountry "SLO"]

1. d4 Nf6 2. Bg5 e6 3. e4 h6 4. Bxf6 Qxf6 5. Nc3 g6 6. e5 Qe7 7. f4 Bg7 8. Nf3 d6 9. Bb5+ Bd7 10. Qe2 a6 11. Bd3 Bc6 12. 0-0-0 Nd7 13. g4 0-0-0 14. Be4 1/2-1/2

[Event "SLO-chT"]
[Site "Slovenia"]
[Date "1995.??.??"]
[Round "6"]
[White "Brglez, Rado"]
[Black "Velickovic, Zoran"]
[Result "0-1"]
[WhiteElo "2280"]
[BlackElo "2300"]
[PlyCount "92"]
[EventDate "1995.??.??"]
[EventType "team"]
[EventRounds "7"]
[EventCountry "SLO"]
[SourceTitle "EXT 1998"]
[Source "ChessBase"]
[SourceDate "1997.11.17"]
[SourceVersion "1"]
[SourceVersionDate "1997.11.17"]
[SourceQuality "1"]

1. d4 Nf6 2. c4 c5 3. d5 b5 4. cxb5 a6 5. bxa6 g6 6. Nc3 Bxa6 7. g3 d6 8. Bg2 Bg7 9. Nf3 Nbd7 10. 0-0 Nb6 11. Ne1 0-0 12. Nc2 Ra7 13. b3 Bb7 14. a3 Qa8 15. e4 Ba6 16. Re1 Nfd7 17. Re3 Rb7 18. a4 Qb8 19. Ra3 Na8 20. Nb1 Ne5 21. Nd2 Qa7 22. Ra2 Bh6 23. f4 Nd3 24. Bf1 Nxc1 25. Qxc1 g5 26. Bxa6 gxf4 27. gxf4 Qxa6 28. Rg3+ Kh8 29. Nc4 Rxb3 30. Qa1+ f6 31. Rxb3 Qxc4 32. Rg3 Bxf4 33. Rg4 Qxe4 34. Qf1 Bxh2+ 35. Kxh2 Qxg4 36. Ne3 Qg5 37. Nf5 Rg8 38. Rg2 Qxg2+ 39. Qxg2 Rxg2+ 40. Kxg2 Nb6 41. a5 Nxd5 42. a6 Nc7 43. a7 Kg8 44. Nxe7+ Kf7 45. Nc8 Ke6 46. Nb6 Ke5 0-1

[Event "Ptuj"]
[Site "Ptuj"]
[Date "1995.??.??"]
[Round "10"]
[White "Mikhalchishin, Adrian"]
[Black "Brglez, Rado"]
[Result "1-0"]
[WhiteElo "2500"]
[BlackElo "2275"]
[PlyCount "67"]
[EventDate "1995.??.??"]
[EventType "tourn"]
[EventRounds "11"]
[EventCountry "SLO"]
[EventCategory "8"]
[SourceTitle "EXT 2000"]
[Source "ChessBase"]
[SourceDate "1999.11.16"]
[SourceVersion "1"]
[SourceVersionDate "1999.11.16"]
[SourceQuality "1"]

1. c4 Nf6 2. Nc3 c5 3. Nf3 Nc6 4. e3 e6 5. d4 d5 6. a3 a6 7. dxc5 Bxc5 8. b4 Ba7 9. Bb2 0-0 10. Qc2 Qe7 11. Rd1 Rd8 12. Be2 d4 13. exd4 Nxd4 14. Nxd4 Bxd4 15. 0-0 e5 16. Na4 Bg4 17. c5 Rac8 18. Nb6 Rc6 19. Nc4 h6 20. Rfe1 Re6 21. h3 Bxe2 22. Rxe2 Bxb2 23. Rxd8+ Qxd8 24. Qxb2 e4 25. Rd2 Qc7 26. Qd4 Kh7 27. Nd6 Kg8 28. Nc4 Kh7 29. Qe3 Kg8 30. Rd4 Qc6 31. Rd8+ Re8 32. Na5 Rxd8 33. Nxc6 bxc6 34. Qf4 1-0

[Event "Ptuj"]
[Site "Ptuj"]
[Date "1995.??.??"]
[Round "6"]
[White "Petrosian, Arshak B"]
[Black "Brglez, Rado"]
[Result "1/2-1/2"]
[WhiteElo "2435"]
[BlackElo "2275"]
[PlyCount "74"]
[EventDate "1995.??.??"]
[EventType "tourn"]
[EventRounds "11"]
[EventCountry "SLO"]
[EventCategory "8"]
[SourceTitle "EXT 2000"]
[Source "ChessBase"]
[SourceDate "1999.11.16"]
[SourceVersion "1"]
[SourceVersionDate "1999.11.16"]
[SourceQuality "1"]

1. d4 Nf6 2. c4 e6 3. Nf3 b6 4. Nc3 Bb7 5. a3 d5 6. Bg5 Be7 7. Qa4+ c6 8. Bxf6 Bxf6 9. cxd5 exd5 10. g3 0-0 11. Bg2 Nd7 12. 0-0 Re8 13. Rfd1 g6 14. Rac1 Bg7 15. e3 Qe7 16. Ne1 Nf6 17. Nd3 Ne4 18. Nxe4 dxe4 19. Nb4 b5 20. Qa5 Rec8 21. Rc2 c5 22. dxc5 Rxc5 23. Rcd2 Qc7 24. Qxc7 Rxc7 25. Nd5 Bxd5 26. Rxd5 Bxb2 27. Rxb5 Bxa3 28. Bxe4 Re8 29. Bd5 Kg7 30. e4 Ree7 31. Rd3 Bc5 32. Kg2 Bb6 33. Rb2 Rc1 34. Rbd2 Ba5 35. Re2 Bb6 36. Red2 Ba5 37. Re2 Bb6 1/2-1/2

[Event "AUT-chT2S 9495"]
[Site "Austria"]
[Date "1995.??.??"]
[Round "4"]
[White "Raffalt, Manfred"]
[Black "Brglez, Rado"]
[Result "1/2-1/2"]
[WhiteElo "2260"]
[BlackElo "2285"]
[PlyCount "147"]
[EventDate "1994.??.??"]
[EventType "team"]
[EventRounds "11"]
[EventCountry "AUT"]
[SourceTitle "EXT 1998"]
[Source "ChessBase"]
[SourceDate "1997.11.17"]
[SourceVersion "1"]
[SourceVersionDate "1997.11.17"]
[SourceQuality "1"]

1. d4 Nf6 2. c4 e6 3. Nc3 Bb4 4. e3 b6 5. Bd3 Bb7 6. Nf3 0-0 7. 0-0 d5 8. Bd2 Bd6 9. Rc1 a6 10. Na4 dxc4 11. Bb1 Nbd7 12. Nc3 c5 13. a4 Rc8 14. Qe2 cxd4 15. exd4 Qc7 16. Rfe1 Qc6 17. Qf1 b5 18. Ne5 Qb6 19. Nxd7 Nxd7 20. Ne4 Be7 21. Be3 Qc7 22. Qe2 Qc6 23. f3 Qd5 24. Nc3 Qh5 25. g4 Qh3 26. Rf1 Bc6 27. Be4 Bxe4 28. Nxe4 Nf6 29. Nc3 Nd5 30. axb5 axb5 31. Nxb5 Rb8 32. Nc3 Nxe3 33. Qxe3 Rxb2 34. Rf2 Rfb8 35. Nd1 Bh4 36. Re2 Bg5 37. Qe5 Bxc1 38. Nxb2 Ra8 39. Qe4 Rd8 40. Nd1 Bg5 41. Nf2 Qh6 42. Rc2 Be3 43. Kg2 Bxf2 44. Rxf2 Qf6 45. Rc2 Rxd4 46. Rxc4 Rd2+ 47. Kg3 g6 48. Qf4 Qxf4+ 49. Rxf4 g5 50. Ra4 Rd3 51. Ra8+ Kg7 52. Ra7 Kg6 53. Ra8 Rb3 54. Rg8+ Kf6 55. Ra8 Rc3 56. Ra4 h6 57. Rb4 Kg6 58. Rb5 f5 59. gxf5+ exf5 60. Rb6+ Kh5 61. Rf6 f4+ 62. Kg2 Rc2+ 63. Kg1 Ra2 64. Rb6 Rd2 65. Ra6 g4 66. fxg4+ Kxg4 67. Rxh6 Kf3 68. Rh3+ Ke2 69. Kg2 Rd8 70. Ra3 Rg8+ 71. Kh1 Re8 72. Kg2 Rg8+ 73. Kh1 f3 74. Ra2+ 1/2-1/2

[Event "Ljubljana op 5th"]
[Site "Ljubljana"]
[Date "1994.??.??"]
[Round "?"]
[White "Djurkovic, Maks"]
[Black "Brglez, Rado"]
[Result "1/2-1/2"]
[WhiteElo "2060"]
[BlackElo "2285"]
[PlyCount "54"]
[EventDate "1994.06.??"]
[EventType "swiss"]
[EventRounds "9"]
[EventCountry "SLO"]
[SourceTitle "TD"]
[Source "ChessBase"]
[SourceDate "1994.03.01"]
[SourceVersion "1"]
[SourceVersionDate "1994.03.01"]
[SourceQuality "1"]

1. d4 Nf6 2. Nf3 e6 3. c4 b6 4. g3 Bb7 5. Bg2 Be7 6. 0-0 0-0 7. Nc3 Ne4 8. Bd2 f5 9. d5 Bf6 10. Rc1 Na6 11. Be1 Nac5 12. e3 Qe7 13. Nd4 d6 14. Nxe4 fxe4 15. b4 Bxd4 16. bxc5 Bxc5 17. Bxe4 exd5 18. Bxd5+ Bxd5 19. Qxd5+ Qf7 20. Qxf7+ Rxf7 21. Kg2 Re8 22. Bd2 d5 23. cxd5 Rd7 24. Kf3 Rxd5 25. Rc2 Bd6 26. Ke2 c5 27. Rb1 Be5 1/2-1/2